[Event "Challenge"]
[Site "http://www.queenalice.com/game.php?id=1609871"]
[Date "2020.4.28"]
[Round "-"]
[White "Oscar1961"]
[Black "ROYANDROLL"]
[Result "1-0"]
[WhiteElo "1293"]
[BlackElo "1460"]

1. d4 d5 2. f4 f5 3. h4 h5 4. Nc3 e6 5. e3 Bb4 6. Bb5+ c6 7. Ba4 a5 8. a3 Bxc3+
9. bxc3 b5 10. Bb3 a4 11. Ba2 Nf6 12. Rb1 Ne4 13. Rh3 Nxc3 14. Qd3 Nxb1 15. Bxb1
Nd7 16. Nf3 Nf8 17. Ne5 Bb7 18. Rg3 Qxh4 19. e4 fxe4 20. Qe3 Nd7 21. Ng6 Rh6 22.
Nxh4 Rh7 23. Rg6 Nf8 24. Rg5 O-O-O 25. Ng6 Nxg6 26. Rxg6 Re8 27. g3 Kc7 28. Qc3
Bc8 29. Qa5+ Kd6 30. g4 hxg4 31. Rxg4 Rh1+ 32. Kd2 Rh2+ 33. Kc3 Reh8 34. Kb2 Rg8
35. f5 exf5 36. Rg6+ Ke7 37. Qc7+ Bd7 38. Qd6+ Kf7 39. Rf6+ Ke8 40. Rg6 Rh3 41.
Qb8+ Kf7 42. Qd6 Ke8 43. Re6+ Bxe6 44. Qxe6+ Kf8 45. Qxf5+ Ke8 46. Qxh3 Kf7 47.
c3 g5 48. Qg4 Re8 49. Bxg5 Rg8 50. Qf5+ Kg7 51. Bf6+ Kf8 52. c4 Rg2+ 53. Bc2 e3
54. Qc8+ Kf7 55. Qxc6 e2 56. Qxd5+ Kxf6 57. Qe4 b4 58. axb4 e1=Q 59. Qxe1 a3+
60. Kc3 a2 61. Qf1+ Rf2 62. Qxf2+ Ke6 63. Kb2 a1=Q+ 64. Kxa1 Kd6 65. c5+ Kd5 66.
Qe3 Kc4 67. Qd3+ Kd5 68. Bb3+ Kc6 69. d5+ Kd7 70. d6 Kc6 71. Qd5+ Kb5 72. Qb7#
1-0

[Event "Challenge"]
[Site "http://www.queenalice.com/game.php?id=1609872"]
[Date "2020.4.28"]
[Round "-"]
[White "ROYANDROLL"]
[Black "Oscar1961"]
[Result "1-0"]
[WhiteElo "1452"]
[BlackElo "1303"]

1. e4 a5 2. e5 f5 3. f4 g6 4. d4 d5 5. a4 Nf6 6. exf6 exf6 7. h4 Bb4+ 8. c3 Bd6
9. Qb3 Qe7+ 10. Be2 Nc6 11. Qb5 Qe6 12. Nh3 Qe4 13. Rg1 Ra6 14. Nf2 Qe7 15. Qxd5
Nb4 16. cxb4 Bxb4+ 17. Bd2 Bd6 18. Bxa5 c6 19. Qb3 Rxa5 20. Nc3 Bb4 21. Nd1
Bxc3+ 22. Nxc3 b5 23. Kd2 Be6 24. Qc2 h5 25. Rgb1 Qb4 26. Bd3 Qxd4 27. axb5
Qxf4+ 28. Kd1 Qb4 29. bxc6 g5 30. Rxa5 Bb3 31. Ra8+ Ke7 32. Rxh8 Bxc2+ 33. Bxc2
Qxh4 34. c7 Qg4+ 35. Ne2 f4 36. Ra1 Qd7+ 37. Kc1 Qxc7 38. Rh7+ Kd6 39. Ra6+ Qc6
40. Rxc6+ Kxc6 41. Rxh5 f3 42. gxf3 f5 43. Rxg5 f4 44. Be4+ Kd6 45. Nxf4 Kc7 46.
Ng6 Kd6 47. f4 Ke6 48. f5+ Kf6 49. Rg3 Kg7 50. Rf3 Kg8 51. f6 Kf7 52. Ne5+ Kf8
53. Ng6+ Kg8 54. f7+ Kg7 55. f8=Q+ Kh7 56. Rh3# 1-0

[Event "Challenge"]
[Site "http://www.queenalice.com/game.php?id=1612319"]
[Date "2020.5.15"]
[Round "-"]
[White "Oscar1961"]
[Black "ROYANDROLL"]
[Result "0-1"]
[WhiteElo "1334"]
[BlackElo "1414"]

1. g4 d5 2. e3 g5 3. a4 Qd7 4. d4 Qxg4 5. f3 Qh4+ 6. Ke2 b6 7. b4 a6 8. f4 Bg4+
9. Nf3 Qh5 10. Bg2 e6 11. c3 Nd7 12. fxg5 e5 13. h3 Bxf3+ 14. Bxf3 Qxg5 15. Rg1
Qf5 16. Qf1 Qc2+ 17. Bd2 e4 18. Bg4 Qd3+ 19. Ke1 Qxf1+ 20. Rxf1 Nh6 21. Bxd7+
Kxd7 22. h4 Ng8 23. Rxf7+ Be7 24. Rf5 Bxh4+ 25. Ke2 c6 26. Rf4 Bg3 27. Rf7+ Ne7
28. Rg7 Rag8 29. Rf7 h5 30. c4 h4 31. b5 cxb5 32. Bb4 Re8 33. axb5 h3 34. Nc3 h2
35. Rh1 Ke6 36. Rff1 a5 37. Bxe7 Rxe7 38. cxd5+ Kd6 39. Rf6+ Kd7 40. Kf1 Rc8 41.
d6 Ree8 42. Ne2 Rg8 43. Rf7+ Kxd6 44. Kg2 Rc2 45. Rf6+ Kd5 46. Kf1 Kc4 47. d5
Kxd5 48. Rxb6 Rf8+ 49. Nf4+ Bxf4 50. exf4 Rxf4+ 51. Ke1 Rc1+ 52. Kd2 Rxh1 53.
Ra6 Rb1 54. Rxa5 h1=Q 55. Kc2 Rf3 56. Kd2 Qd1# 0-1

[Event "Challenge"]
[Site "http://www.queenalice.com/game.php?id=1612320"]
[Date "2020.5.15"]
[Round "-"]
[White "ROYANDROLL"]
[Black "Oscar1961"]
[Result "1-0"]
[WhiteElo "1404"]
[BlackElo "1316"]

1. e4 e5 2. Qh5 Nf6 3. Qxe5+ Be7 4. d3 d6 5. Qg3 d5 6. Qxg7 Rg8 7. Qh6 Rg6 8.
Qh4 h5 9. Bg5 Ng8 10. Bxe7 Nxe7 11. Qxh5 Bg4 12. Qh8+ Rg8 13. Qd4 Nbc6 14. Qe3
d4 15. Qd2 a5 16. f3 Be6 17. c4 a4 18. Na3 Rh8 19. Nb5 Ng6 20. g3 Na5 21. Qd1 c6
22. Na3 b5 23. f4 bxc4 24. Qxa4 f5 25. exf5 Bxf5 26. b4 Qd5 27. O-O-O Qxh1 28.
bxa5 Bd7 29. Ne2 c5 30. Qxc4 Rxa5 31. Nc2 Rxh2 32. Qg8+ Nf8 33. Re1 Qf3 34. Ng1+
Be6 35. Rxe6+ Kd7 36. Qf7+ Kc8 37. Re8# 1-0

[Event "Challenge"]
[Site "http://www.queenalice.com/game.php?id=1613973"]
[Date "2020.5.26"]
[Round "-"]
[White "Oscar1961"]
[Black "ROYANDROLL"]
[Result "1-0"]
[WhiteElo "1341"]
[BlackElo "1426"]

1. Nc3 d5 2. d4 e6 3. Nf3 Bb4 4. h3 h6 5. Bd2 g5 6. Nb1 Bd6 7. b4 b5 8. c3 f6 9.
a4 c6 10. g4 a5 11. h4 e5 12. dxe5 fxe5 13. hxg5 Bxg4 14. Nh2 Bf5 15. Na3 hxg5
16. bxa5 Rxa5 17. c4 Rxa4 18. Bc1 Bb4+ 19. Bd2 Bxa3 20. cxb5 cxb5 21. e3 Nd7 22.
Bxb5 Ra7 23. Bc3 Ne7 24. Bxe5 Rh4 25. Ke2 Kf7 26. Bd4 Ra8 27. Nf3 Re4 28. Nxg5+
Kf8 29. Rh8+ Ng8 30. Bc6 Ra5 31. Qh1 Qxg5 32. Rg1 Bg4+ 33. f3 Bxf3+ 34. Qxf3+
Qf4 35. Qxf4+ Rxf4 36. Rgxg8+ Ke7 37. exf4 Ra4 38. Rg7+ Kd6 39. Bxa4 Kc7 40.
Rxd7# 1-0

[Event "Challenge"]
[Site "http://www.queenalice.com/game.php?id=1613974"]
[Date "2020.5.26"]
[Round "-"]
[White "Oscar1961"]
[Black "ROYANDROLL"]
[Result "1-0"]
[WhiteElo "1360"]
[BlackElo "1407"]

1. Nf3 h5 2. b4 b5 3. e4 a6 4. h4 d6 5. Nd4 e5 6. Nf3 Bg4 7. a3 Nc6 8. c3 d5 9.
Qb3 Bxf3 10. gxf3 dxe4 11. fxe4 Be7 12. c4 Nd4 13. Qd3 bxc4 14. Qxc4 Nf3+ 15.
Ke2 Nxh4 16. d3 Ng6 17. Nc3 Nf6 18. Bh3 Nf4+ 19. Bxf4 exf4 20. b5 a5 21. e5 Nh7
22. Qxf4 Qxd3+ 23. Kxd3 Bg5 24. Qe4 O-O 25. e6 f6 26. e7 Rfe8 27. Bf5 Nf8 28.
Qd5+ Kh8 29. Rxh5+ Bh6 30. exf8=R+ Rxf8 31. Ne4 Rad8 32. Bd7 Kh7 33. Ke2 g6 34.
Rh4 Kg7 35. Qc6 Rf7 36. Rd1 g5 37. Rh5 Kg6 38. Rh3 Bg7 39. Qxc7 Rh8 40. Rhd3 f5
41. Nd6 Be5 42. Rd5 Rhh7 43. Rxe5 Rxd7 44. Re6+ Kh5 45. Rh1+ Kg4 46. Rxh7 Rxc7
47. Rxc7 f4 48. f3+ Kg3 49. Rc1 Kg2 50. Rg6 a4 51. Rxg5+ Kh2 52. Rc7 Kh3 53.
Rh7# 1-0

[Event "Challenge"]
[Site "http://www.queenalice.com/game.php?id=1613975"]
[Date "2020.5.26"]
[Round "-"]
[White "ROYANDROLL"]
[Black "Oscar1961"]
[Result "0-1"]
[WhiteElo "1429"]
[BlackElo "1321"]

1. h4 h5 2. a4 e5 3. e4 d5 4. Qxh5 Rxh5 5. f3 Rxh4 6. Rxh4 Qxh4+ 7. Ke2 Bc5 8.
Nh3 Bxh3 9. Kd3 dxe4+ 10. fxe4 Qg3+ 11. Kc4 b6 12. d3 Be6+ 13. Kc3 Qe1+ 14. Bd2
Qxf1 15. b4 Bd4# 0-1

[Event "Challenge"]
[Site "http://www.queenalice.com/game.php?id=1614830"]
[Date "2020.6.1"]
[Round "-"]
[White "Oscar1961"]
[Black "ROYANDROLL"]
[Result "1-0"]
[WhiteElo "1378"]
[BlackElo "1397"]

1. e4 e5 2. g4 g5 3. Nf3 d6 4. h3 a6 5. Nc3 c6 6. a4 a5 7. d3 c5 8. Nxg5 h6 9.
Nf3 f6 10. h4 Bxg4 11. Nd5 h5 12. Ra3 Nc6 13. c3 Bg7 14. Bh3 Bxh3 15. Rxh3 Nh6
16. Bxh6 Bxh6 17. Rg3 Qd7 18. Nxf6+ Ke7 19. Nxd7 Kxd7 20. Rb3 Kc7 21. Nh2 Rag8
22. Qxh5 Bd2+ 23. Kxd2 Rxh5 24. Rxg8 Rxh4 25. Rg7+ Kd8 26. Nf3 Rh3 27. Rbxb7 Kc8
28. Rbf7 Nd8 29. Rf8 Rh6 30. Ng5 Rg6 31. Rxg6 Kc7 32. Ne6+ Nxe6 33. Rxe6 Kc6 34.
c4 Kd7 35. Rfe8 d5 36. exd5 Kc7 37. R8e7+ Kd8 38. d6 e4 39. Re8+ 1-0

[Event "Challenge"]
[Site "http://www.queenalice.com/game.php?id=1614831"]
[Date "2020.6.1"]
[Round "-"]
[White "Oscar1961"]
[Black "ROYANDROLL"]
[Result "1-0"]
[WhiteElo "1395"]
[BlackElo "1380"]

1. e4 e5 2. Nf3 d6 3. h3 a6 4. d3 c5 5. c4 h6 6. Nc3 Ne7 7. a4 a5 8. g4 g5 9. h4
Bxg4 10. hxg5 Ng8 11. gxh6 Bxh6 12. Nd5 Ne7 13. Rh4 Nxd5 14. Rxg4 Bxc1 15. Qxc1
Nb4 16. Ra3 Qd7 17. Rg3 N8c6 18. Qd1 Rh1 19. Rg1 Rh8 20. Be2 O-O-O 21. Ng5 Rdg8
22. Bg4 Qxg4 23. Rxg4 Rh1+ 24. Ke2 Rxd1 25. Kxd1 f6 26. f4 fxg5 27. fxg5 Ne7 28.
Kd2 Ng6 29. d4 Nf4 30. Kc3 cxd4+ 31. Kd2 Nh3 32. Rxh3 Kc7 33. g6 Kc6 34. g7 Kc5
35. b3 d3 36. Rh7 Nc6 37. Rh8 Ne7 38. Kc3 d2 39. Kxd2 1-0

[Event "Challenge"]
[Site "http://www.queenalice.com/game.php?id=1615474"]
[Date "2020.6.6"]
[Round "-"]
[White "Oscar1961"]
[Black "ROYANDROLL"]
[Result "0-1"]
[WhiteElo "1410"]
[BlackElo "1401"]

1. h4 h5 2. a4 a5 3. e4 e5 4. g3 d5 5. Bh3 Bxh3 6. Rxh3 g5 7. Nf3 g4 8. Rh2 gxf3
9. Qxf3 c6 10. g4 Nf6 11. gxh5 Nxh5 12. d4 f6 13. Qf5 Qe7 14. exd5 cxd5 15. Nc3
exd4+ 16. Ne2 Nd7 17. Qxd5 O-O-O 18. Qxa5 Re8 19. Kf1 Qxe2+ 20. Kg1 Rg8+ 21. Rg2
Qd1+ 22. Kh2 Bd6+ 23. f4 Rxg2+ 24. Kxg2 Qe2+ 25. Kh3 Qf1+ 26. Kg4 Qg2+ 27. Kf5
Qxc2+ 28. Kg4 Rg8+ 29. Kxh5 Qg6# 0-1

[Event "Challenge"]
[Site "http://www.queenalice.com/game.php?id=1615475"]
[Date "2020.6.6"]
[Round "-"]
[White "ROYANDROLL"]
[Black "Oscar1961"]
[Result "1-0"]
[WhiteElo "1417"]
[BlackElo "1394"]

1. e4 d5 2. e5 e6 3. d4 f5 4. f4 a6 5. a4 Nc6 6. c3 g6 7. b4 Bh6 8. g3 Nge7 9.
a5 b6 10. h4 O-O 11. h5 Qe8 12. hxg6 Qxg6 13. Qf3 bxa5 14. bxa5 Rb8 15. Qh5
Qxg3+ 16. Kd1 Qg7 17. Qxh6 Rf7 18. Qxg7+ Rxg7 19. Be2 Bd7 20. Bh5 Rf8 21. Ba3
Nxa5 22. Nd2 c5 23. Bxc5 Bb5 24. Rxa5 Nc6 25. Ra1 Ra8 26. Bd6 Rg2 27. Kc1 a5 28.
Rb1 Bd3 29. Rb7 a4 30. Bf7+ Kg7 31. Bxe6+ Kg6 32. Bxd5 Nd8 33. Rbxh7 Rxg1+ 34.
Rxg1+ Kxh7 35. Rh1+ Kg6 36. Bxa8 a3 37. Bxa3 Ne6 38. Rg1+ Kh7 39. Bd5 Nxf4 40.
Rg2 Nxd5 41. e6 Bb5 42. e7 Nxc3 43. Rg5 Ne2+ 44. Kd1 Nxd4 45. Rg3 Be2+ 46. Kc1
Bh5 47. Rd3 Ne6 48. Rh3 Ng7 49. Bb2 Kg6 50. Bxg7 Kg5 51. Rh1 Be8 52. Rh8 Bd7 53.
e8=Q Bxe8 54. Rxe8 1-0

[Event "Challenge"]
[Site "http://www.queenalice.com/game.php?id=1616566"]
[Date "2020.6.13"]
[Round "-"]
[White "Oscar1961"]
[Black "ROYANDROLL"]
[Result "0-1"]
[WhiteElo "1379"]
[BlackElo "1461"]

1. d4 d5 2. e3 h5 3. b4 e6 4. c4 c6 5. cxd5 cxd5 6. Nf3 a6 7. Nc3 Bxb4 8. Qd2 b5
9. a3 Bd6 10. Qb2 f6 11. a4 b4 12. Na2 a5 13. Bb5+ Bd7 14. Bxd7+ Qxd7 15. Qc2
Qb7 16. h4 b3 17. Rb1 Bb4+ 18. Bd2 bxc2 19. Bxb4 axb4 20. Rxb4 Qc6 21. Ke2 Na6
22. Rb3 Qxa4 23. Nc1 Ne7 24. Rc3 O-O 25. Kd2 Rfc8 26. Nd3 Qa5 27. Ke2 Rxc3 28.
Nh2 Qb5 29. Kf3 Qxd3 30. Kf4 Qf5+ 31. Kg3 c1=Q 32. Rxc1 Rxc1 33. f4 g5 34. hxg5
fxg5 35. fxg5 Ng6 36. e4 Rc3+ 37. Nf3 h4+ 38. Kf2 Qxe4 39. Kg1 Rc1+ 40. Kf2 Rf8
41. g3 Qxf3# 0-1

[Event "Challenge"]
[Site "http://www.queenalice.com/game.php?id=1616567"]
[Date "2020.6.13"]
[Round "-"]
[White "ROYANDROLL"]
[Black "Oscar1961"]
[Result "1-0"]
[WhiteElo "1481"]
[BlackElo "1366"]

1. e4 e5 2. c4 b6 3. Qh5 Qe7 4. d3 g6 5. Qg5 f6 6. Qd2 c5 7. Nc3 Bb7 8. Nb5 d6
9. h4 g5 10. g4 Ba6 11. Nc3 h5 12. Nd5 Qg7 13. f3 hxg4 14. fxg4 gxh4 15. Qf2 Bb7
16. Rxh4 Bxd5 17. Rxh8 Qxh8 18. exd5 Qh1 19. Nf3 Qh8 20. Qc2 a5 21. Be3 a4 22.
a3 Qh1 23. Qe2 Ra7 24. O-O-O Qh7 25. Bg2 f5 26. Rh1 Qf7 27. g5 f4 28. Bf2 Re7
29. Bh3 Qg6 30. Bg4 Kd8 31. Bh5 Qf5 32. Kc2 Rh7 33. Nh4 Qxg5 34. Bg6 Re7 35. Be4
Nf6 36. Nf3 Qg2 37. Rh8 Qg7 38. Rh1 Rb7 39. Qf1 b5 40. Bh4 bxc4 41. Qh3 Rb3 42.
Bxf6+ Qxf6 43. Qh8 cxd3+ 44. Kc1 Qe7 45. Ne1 c4 46. Rh7 Qe8 47. Qf6+ Kc8 48.
Bf5+ Nd7 49. Bxd7+ Qxd7 50. Rxd7 Kxd7 51. Qxf8 Kc7 52. Qe7+ Kb6 53. Qxd6+ Ka5
54. Qc5+ Rb5 55. Qa7# 1-0

[Event "Challenge"]
[Site "http://www.queenalice.com/game.php?id=1618933"]
[Date "2020.7.2"]
[Round "-"]
[White "Oscar1961"]
[Black "ROYANDROLL"]
[Result "0-1"]
[WhiteElo "1378"]
[BlackElo "1497"]

1. e4 e5 2. h4 h5 3. f3 g6 4. d3 b5 5. Bd2 c5 6. a4 b4 7. a5 a6 8. b3 Nc6 9. c3
Nxa5 10. cxb4 cxb4 11. g3 Nc6 12. Nh3 Be7 13. f4 f6 14. Qc1 Bb7 15. Rh2 Nd4 16.
Be3 Nf3+ 17. Kf2 Nxh2 18. Kg2 Ng4 19. Be2 Rc8 20. Qf1 Nxe3+ 21. Kg1 Nxf1 22.
Bxf1 Rc1 23. Nf2 Bc5 24. d4 Bxd4 25. Ra5 Qxa5 26. Nd2 Qb6 27. fxe5 Bxf2+ 28. Kg2
Qe3 29. Nf3 Bxe4 30. exf6 Qxf3+ 31. Kh3 Qxg3# 0-1

[Event "Challenge"]
[Site "http://www.queenalice.com/game.php?id=1618934"]
[Date "2020.7.2"]
[Round "-"]
[White "ROYANDROLL"]
[Black "Oscar1961"]
[Result "0-1"]
[WhiteElo "1520"]
[BlackElo "1355"]

1. h4 e5 2. e4 d6 3. c4 a5 4. a4 Nf6 5. d3 h6 6. f3 Ra6 7. g4 Rb6 8. Qd2 Nc6 9.
h5 Bxg4 10. fxg4 Nxg4 11. Bh3 Qh4+ 12. Kd1 Nf2+ 13. Kc2 Nb4+ 14. Kc3 Nxh1 15.
Qe2 Nf2 16. Be3 Nfxd3 17. Bxb6 cxb6 18. Nd2 Be7 19. Ndf3 Qf4 20. Bf1 Bh4 21. Qh2
Be1+ 22. Kb3 Nc1+ 23. Ka3 Qe3+ 24. Bd3 Qxd3+ 25. b3 Qxb3# 0-1

[Event "Challenge"]
[Site "http://www.queenalice.com/game.php?id=1623669"]
[Date "2020.8.13"]
[Round "-"]
[White "Oscar1961"]
[Black "ROYANDROLL"]
[Result "0-1"]
[WhiteElo "1357"]
[BlackElo "1546"]

1. h4 h5 2. g3 e5 3. a4 a5 4. e4 c5 5. Nf3 d6 6. Bh3 Bxh3 7. Rxh3 Nf6 8. Ng1
Nxe4 9. f3 Nf6 10. d4 Qe7 11. Bg5 Qc7 12. Bxf6 gxf6 13. g4 Qb6 14. b3 Bh6 15.
gxh5 Qb4+ 16. c3 Qb6 17. Qd3 Qxb3 18. Ra3 Qb6 19. c4 Qb2 20. Nd2 Qc1+ 21. Kf2
Qxd2+ 22. Qxd2 Bxd2 23. d5 Na6 24. Rd3 Bf4 25. Ne2 Nb4 26. Rb3 O-O-O 27. h6 Rxh6
28. h5 Rdh8 29. Rh1 Nc2 30. Rc3 Rxh5 31. Rxh5 Be3+ 32. Rxe3 Rxh5 33. Rc3 Rh2+
34. Kf1 Nd4 35. Nxd4 exd4 36. Rb3 Ra2 37. Rb5 d3 38. Ke1 Rxa4 39. Rb6 Kc7 40.
Rb2 Rxc4 41. Ra2 b6 42. Kd2 Rd4 43. Ke3 Rxd5 44. Rd2 c4 45. f4 a4 46. Ke4 Kc6
47. Ra2 b5 48. f5 Kc5 49. Rg2 d2 0-1

[Event "Challenge"]
[Site "http://www.queenalice.com/game.php?id=1623670"]
[Date "2020.8.13"]
[Round "-"]
[White "ROYANDROLL"]
[Black "Oscar1961"]
[Result "1-0"]
[WhiteElo "1520"]
[BlackElo "1367"]

1. e4 e5 2. d4 Bb4+ 3. Bd2 Nc6 4. c3 Bd6 5. d5 Nce7 6. h4 c5 7. dxc6 bxc6 8. h5
a5 9. a4 f5 10. f3 Bc5 11. Qe2 Ba6 12. c4 Bxg1 13. Rxg1 h6 14. Qf2 g5 15. hxg6
Nxg6 16. Qg3 Nh4 17. Bg5 hxg5 18. Qxe5+ Kf8 19. Nd2 Ng6 20. Qxf5+ Kg7 21. O-O-O
Nf4 22. g3 Ne6 23. Qe5+ Nf6 24. Nb3 Rh7 25. c5 Bb7 26. f4 Rh5 27. g4 Rh6 28. f5
Nf4 29. Rd2 Kf8 30. Nd4 Rh7 31. Ne6+ dxe6 32. Rxd8+ Kf7 33. Qc7+ Nd7 34. Rxd7+
Kg8 35. Rxh7 Rf8 36. Qg7# 1-0

[Event "Challenge"]
[Site "http://www.queenalice.com/game.php?id=1768426"]
[Date "2021.9.1"]
[Round "-"]
[White "Oscar1961"]
[Black "ROYANDROLL"]
[Result "1-0"]
[WhiteElo "1342"]
[BlackElo "1414"]

1. e4 e6 2. g3 g5 3. d3 h6 4. c3 b5 5. b4 d5 6. f3 Qf6 7. g4 Bxb4 8. d4 Ba5 9.
a4 b4 10. cxb4 Bxb4+ 11. Bd2 Bd6 12. Bc3 dxe4 13. d5 Be5 14. Ne2 Bxc3+ 15. Nexc3
Qe5 16. dxe6 Bxe6 17. Rg1 Ne7 18. fxe4 c6 19. Rg3 Nd5 20. a5 Nxc3 21. Nxc3 Nd7
22. Rb1 Qxa5 23. h3 Ne5 24. Bb5 a6 25. Bxc6+ Nxc6 26. Qd6 Rc8 27. Rd3 h5 28. Rb7
Rh6 29. gxh5 Rxh5 30. Ke2 g4 31. h4 Rxh4 32. Qg3 Rh3 33. Qf4 Rh7 34. Qf6 Nb4 35.
Qe7# 1-0

[Event "Challenge"]
[Site "http://www.queenalice.com/game.php?id=1768427"]
[Date "2021.9.1"]
[Round "-"]
[White "ROYANDROLL"]
[Black "Oscar1961"]
[Result "1-0"]
[WhiteElo "1395"]
[BlackElo "1361"]

1. e4 Nf6 2. d3 h6 3. g4 e5 4. Nf3 Nxg4 5. c4 c5 6. h3 Nf6 7. Nxe5 d6 8. Ng4 h5
9. Ne3 h4 10. Nc3 Qa5 11. Bd2 a6 12. Ncd5 Qd8 13. Qf3 Nxd5 14. Nxd5 f6 15. a4 b6
16. Qg2 Be6 17. Qg6+ Bf7 18. Qg4 Bxd5 19. cxd5 Be7 20. Qxg7 Rf8 21. Qg6+ Rf7 22.
Qh6 f5 23. Be2 Qd7 24. Bh5 a5 25. Bxf7+ Kxf7 26. Qh7+ Ke8 27. Qg8+ Bf8 28. exf5
Qxf5 29. Qe6+ Qxe6+ 30. dxe6 Ke7 31. O-O-O Kxe6 32. Rde1+ Kd7 33. Rhg1 Na6 34.
Rg4 Be7 35. Rg7 Re8 36. f4 c4 37. dxc4 Nc5 38. Kc2 Nxa4 39. f5 Kc6 40. Rexe7 Rc8
41. Be3 b5 42. Kb3 d5 43. Rg6# 1-0

[Event "Challenge"]
[Site "http://www.queenalice.com/game.php?id=1770462"]
[Date "2021.9.21"]
[Round "-"]
[White "Oscar1961"]
[Black "ROYANDROLL"]
[Result "1-0"]
[WhiteElo "1346"]
[BlackElo "1410"]

1. d4 d5 2. Nc3 e6 3. a3 a5 4. e4 c6 5. Nf3 h6 6. h4 dxe4 7. Ne5 f6 8. Qh5+ Ke7
9. Qf7+ Kd6 10. Nxe4+ Kd5 11. c4+ Kxe4 12. Be3 fxe5 13. Qg6# 1-0

[Event "Challenge"]
[Site "http://www.queenalice.com/game.php?id=1770463"]
[Date "2021.9.21"]
[Round "-"]
[White "ROYANDROLL"]
[Black "Oscar1961"]
[Result "1-0"]
[WhiteElo "1387"]
[BlackElo "1365"]

1. e4 e5 2. d3 g5 3. Qg4 Nf6 4. Qxg5 Qe7 5. h3 h6 6. Qd2 b5 7. a3 a5 8. g4 c5 9.
Nc3 Ba6 10. h4 h5 11. g5 Nh7 12. Nd5 Qd6 13. Qxa5 Nc6 14. Qb6 Ra7 15. Ne2 c4 16.
Ng3 Bc8 17. Qxb5 Na5 18. dxc4 Qc5 19. Qxc5 Bxc5 20. b3 Bd4 21. Ra2 Nf8 22. b4
Bc3+ 23. Nxc3 Nc6 24. Nb5 Nxb4 25. Ra1 Nxc2+ 26. Kd2 Nxa1 27. Nxa7 Nb3+ 28. Kc2
Nd4+ 29. Kd3 Ba6 30. Be3 Nde6 31. Kc3 Ke7 32. Kb4 Ng6 33. Nf5+ Ke8 34. Ka5 Bb7
35. Nd6+ Ke7 36. Nxb7 Ra8 37. Ka6 d6 38. Bh3 Nc7+ 39. Ka5 Nxh4 40. Kb6 Ne8 41.
Rd1 Rd8 42. Nxd8 Kxd8 43. Bc5 Ke7 44. Nc6+ Kf8 45. a4 dxc5 46. a5 f6 47. gxf6
Nxf6 48. a6 Nxe4 49. a7 Kg7 50. a8=Q Nxf2 51. Rd7+ Kh6 52. Qg8 Ng6 53. Nxe5 Kg5
54. Nxg6 Nxh3 55. Rd5+ Kf6 56. Qd8+ Kxg6 57. Qd6+ Kg7 58. Qg3+ Kf6 59. Qxh3 Ke7
60. Qd7+ Kf8 61. Re5 Kg8 62. Re8# 1-0

[Event "Challenge"]
[Site "http://www.queenalice.com/game.php?id=1771609"]
[Date "2021.10.7"]
[Round "-"]
[White "Oscar1961"]
[Black "ROYANDROLL"]
[Result "0-1"]
[WhiteElo "1350"]
[BlackElo "1402"]

1. d4 d5 2. a4 a5 3. e3 g6 4. Bd3 f5 5. Nf3 Bg7 6. O-O e6 7. b3 Bf6 8. c4 c5 9.
Nc3 Bd7 10. Ba3 cxd4 11. exd4 g5 12. Bd6 g4 13. Nd2 Bxd4 14. Be5 Bxe5 15. Rc1
Na6 16. Ne2 Nb4 17. Bb1 Qb6 18. cxd5 Nxd5 19. g3 Qb4 20. Rc4 Qb6 21. Qc2 Nge7
22. Ba2 O-O 23. Rb1 Nb4 24. Qb2 Bxb2 25. Rxb2 Nd3 26. Nd4 Nxb2 27. Bb1 Nxc4 28.
Nxc4 Qxd4 29. Bc2 Nd5 30. Bb1 Qd1+ 31. Kg2 Qxb1 32. Nd6 f4 33. Nxb7 f3# 0-1

[Event "Challenge"]
[Site "http://www.queenalice.com/game.php?id=1771610"]
[Date "2021.10.7"]
[Round "-"]
[White "ROYANDROLL"]
[Black "Oscar1961"]
[Result "1-0"]
[WhiteElo "1416"]
[BlackElo "1336"]

1. e4 e5 2. c4 Be7 3. g3 Nf6 4. f3 O-O 5. d4 a5 6. dxe5 Bb4+ 7. Bd2 Bc5 8. exf6
Qxf6 9. Bc3 Qd6 10. Qxd6 Bxd6 11. a4 c5 12. Nd2 Na6 13. Nb3 b6 14. Bh3 Ra7 15.
Ne2 Be7 16. O-O-O d6 17. g4 Bg5+ 18. f4 Bh6 19. Bf1 Bxg4 20. Rxd6 Bf3 21. Rg1
Bxe2 22. Bxe2 Bxf4+ 23. Rd2 Bxd2+ 24. Kxd2 g6 25. Ke3 Nc7 26. Nd2 Ne6 27. Nf3
Rd8 28. Ne5 Rd6 29. Rf1 Ng5 30. h4 Nh3 31. Bg4 f6 32. Nd3 f5 33. Bxh3 fxe4 34.
Nf4 b5 35. Be6+ Kf8 36. Nxg6+ Ke8 37. Rf8# 1-0